000 00295 a2200145 4500
001 172331
020 _a
040 _cMagnum
100 _aMurray, Roseana
240 1 0 _aCrianca e coisa seria
_lpor
245 1 0 _aCrianca e coisa seria
362 0 _a1899
697 _aIJ/GERAL
942 _cBK
999 _c172331
_d172331